[Event "Warsaw YMCA Spring-C 200th"]
[Site "Warsaw"]
[Date "2018.04.11"]
[Round "2"]
[White "Kuznik, Kamil"]
[Black "Wasilewski, Orhan"]
[Result "1-0"]
[WhiteElo "1505"]
[BlackElo "1401"]
[PlyCount "105"]
[EventDate "2018.04.05"]
[EventType "tourn"]
[EventRounds "13"]
[EventCountry "POL"]
[SourceTitle "EXT 2021"]
[Source "ChessBase"]
[SourceDate "2020.10.23"]
[SourceVersion "1"]
[SourceVersionDate "2020.10.23"]
[SourceQuality "1"]

1. e4 a6 2. Nf3 b5 3. d4 Bb7 4. Bd3 Nf6 5. Qe2 e6 6. 0-0 c5 7. c3 Nc6 8. d5 Ne7 9. c4 b4 10. e5 Ng4 11. h3 Nh6 12. d6 Ng6 13. Be3 Rc8 14. Nbd2 f6 15. Nb3 Qb6 16. Bxg6+ hxg6 17. Qc2 Bxf3 18. Qxg6+ Nf7 19. gxf3 fxe5 20. Rad1 Rxh3 21. Kg2 Rh4 22. Bg5 Rh8 23. Rfe1 Bxd6 24. Qxg7 Rf8 25. Nd2 Nxg5 26. Qxg5 Qd8 27. Qh5+ Ke7 28. Ne4 Bb8 29. Ng5 Qe8 30. Qh4 Qg6 31. Rh1 Rh8 32. Qg4 Rcg8 33. Rxh8 Rxh8 34. Ne4 Qh6 35. Nxc5 d6 36. Nxe6 Qh2+ 37. Kf1 Kf6 38. Ng5 Qf4 39. Ne4+ Kf7 40. Nxd6+ Bxd6 41. Qxf4+ exf4 42. Rxd6 Rh1+ 43. Ke2 Rb1 44. b3 Rb2+ 45. Rd2 Rxd2+ 46. Kxd2 Ke6 47. Ke2 Ke5 48. Kd3 a5 49. Kc2 Kd4 50. Kd2 a4 51. Kc2 a3 52. Kd2 Ke5 53. Kd3 1-0